<?xml version='1.0' encoding='UTF-8'?>
  <record xmlns="http://www.loc.gov/MARC21/slim">
    <leader>00000cam a2200000 i 4500</leader>
    <controlfield tag="001">ocm51276194</controlfield>
    <controlfield tag="003">OCoLC</controlfield>
    <controlfield tag="005">20240202180208.2</controlfield>
    <controlfield tag="008">021226s1884    ne            000 0 dut d</controlfield>
    <datafield tag="040" ind1=" " ind2=" ">
      <subfield code="a">BUD</subfield>
      <subfield code="b">eng</subfield>
      <subfield code="c">BUD</subfield>
      <subfield code="d">OCLCQ</subfield>
      <subfield code="d">OCLCG</subfield>
      <subfield code="d">OCLCF</subfield>
      <subfield code="d">OCLCQ</subfield>
      <subfield code="d">OCLCO</subfield>
      <subfield code="d">OCLCQ</subfield>
      <subfield code="d">OCLCL</subfield>
    </datafield>
    <datafield tag="029" ind1="1" ind2=" ">
      <subfield code="a">NLGGC</subfield>
      <subfield code="b">101079036</subfield>
    </datafield>
    <datafield tag="035" ind1=" " ind2=" ">
      <subfield code="a">(OCoLC)51276194</subfield>
    </datafield>
    <datafield tag="050" ind1=" " ind2="4">
      <subfield code="a">Q143.H96</subfield>
      <subfield code="b">H6 1884</subfield>
    </datafield>
    <datafield tag="100" ind1="1" ind2=" ">
      <subfield code="a">Hoorweg, J. L.</subfield>
      <subfield code="q">(Jan Leendert),</subfield>
      <subfield code="d">1841-1919.</subfield>
      <subfield code="1">https://id.oclc.org/worldcat/entity/E39PCjy8yjdt6yQwftRFyWTwT3</subfield>
    </datafield>
    <datafield tag="245" ind1="1" ind2="0">
      <subfield code="a">Rede over Christiaan Huyghens :</subfield>
      <subfield code="b">gehouden bij de Opening van den Natuurkundigen Cursus van het Bataafsch Genootschap. 7 November 1884 /</subfield>
      <subfield code="c">door Dr. J.L. Hoorweg.</subfield>
    </datafield>
    <datafield tag="260" ind1=" " ind2=" ">
      <subfield code="c">1884.</subfield>
    </datafield>
    <datafield tag="300" ind1=" " ind2=" ">
      <subfield code="a">31 pages ;</subfield>
      <subfield code="c">21 cm</subfield>
    </datafield>
    <datafield tag="336" ind1=" " ind2=" ">
      <subfield code="a">text</subfield>
      <subfield code="b">txt</subfield>
      <subfield code="2">rdacontent</subfield>
    </datafield>
    <datafield tag="337" ind1=" " ind2=" ">
      <subfield code="a">unmediated</subfield>
      <subfield code="b">n</subfield>
      <subfield code="2">rdamedia</subfield>
    </datafield>
    <datafield tag="338" ind1=" " ind2=" ">
      <subfield code="a">volume</subfield>
      <subfield code="b">nc</subfield>
      <subfield code="2">rdacarrier</subfield>
    </datafield>
    <datafield tag="600" ind1="1" ind2="0">
      <subfield code="a">Huygens, Christiaan,</subfield>
      <subfield code="d">1629-1695.</subfield>
    </datafield>
    <datafield tag="600" ind1="1" ind2="7">
      <subfield code="a">Huygens, Christiaan,</subfield>
      <subfield code="d">1629-1695</subfield>
      <subfield code="2">fast</subfield>
      <subfield code="0">(OCoLC)fst00045934</subfield>
      <subfield code="1">https://id.oclc.org/worldcat/entity/E39PBJvxqybGDdGJ3C8WYhPhHC</subfield>
    </datafield>
    <datafield tag="758" ind1=" " ind2=" ">
      <subfield code="i">has work:</subfield>
      <subfield code="a">Rede over Christiaan Huyghens (Text)</subfield>
      <subfield code="1">https://id.oclc.org/worldcat/entity/E39PCFGtQtVmTWdMHbBc8Qk9H3</subfield>
      <subfield code="4">https://id.oclc.org/worldcat/ontology/hasWork</subfield>
    </datafield>
    <datafield tag="776" ind1="0" ind2="8">
      <subfield code="i">Online version:</subfield>
      <subfield code="a">Hoorweg, J.L. (Jan Leendert), 1841-1919.</subfield>
      <subfield code="t">Rede over Christiaan Huyghens.</subfield>
      <subfield code="d">1884</subfield>
      <subfield code="w">(OCoLC)985967950</subfield>
    </datafield>
  </record>